000 00550nam a22002057a 4500
003 OSt
005 20160509131826.0
008 160509b xxu||||| |||| 00| 0 eng d
020 _a0632047046.
040 _cDDC.
082 _a576.8LEW 2000.
100 _aRoger,Lewin;Foley,Robert.
_98561
245 _aPrinciples of Human Evolution.
250 _a2nd ed.
260 _aLondon.
_bBlackwell Publishing.
_c2000.
300 _ax,555p;
_bcol,ill;
_c26cm.
504 _aincludes index and references.
650 _aScience.
_92110
942 _2ddc
_cSLOAN
999 _c3902
_d3902